00707nam a2200253 a 4500001001300000003000900013005001700022008004100039020001000080082001500090100001900105245002600124260002600150300000900176500003500185505001100220650002700231650002800258700001900286902000800305942000700313952011600320999001700436nice12345678IN_TiNIC20260116014411.0140312s2012 dela grp 000 0 eng  ac69500a305.4bKHA aKhan, Babuddin aPerspectives on Women aDelhi bEditor c2012 a488p aincludes index and biblioraphy2 abiblio aWomen-Employment-india aWomen Empowerment-India1 aKhan, Babuddin bSRS cBK 001040708StackRoom-aHMIbHMId2014-03-12g695.00l0o305.4 KHAp024444r2014-03-12v695.00w2014-03-12yBK c15126d15126